| 000 | 00610nam a2200181Ia 4500 | ||
|---|---|---|---|
| 008 | 151202s9999||||xx |||||||||||||| ||und|| | ||
| 082 | _bPNVM-84509 | ||
| 100 | _aवैद्य ब.ल. | ||
| 245 | _aआरोग्यासाठी योगासने. | ||
| 260 | _bमॅजेस्टिक प्रकाशन. | ||
| 260 | _c1977 | ||
| 300 | _a118 | ||
| 600 | _aवैद्य ब.ल. | ||
| 630 | _aआरोग्यासाठी योगासने. | ||
| 700 | _aवैद्य ब.ल. | ||
| 730 | _aआरोग्यासाठी योगासने. | ||
| 942 | _cBOOK | ||
| 999 |
_c1349361 _d1349358 |
||